El desarrollo industrial latinoamericano / (Registro nro. 8675)

Detalles MARC
000 -LEADER
fixed length control field 00971nam a2200241Ia 4500
003 - CONTROL NUMBER IDENTIFIER
control field OSt
005 - DATE AND TIME OF LATEST TRANSACTION
control field 20211028153211.0
008 - FIXED-LENGTH DATA ELEMENTS--GENERAL INFORMATION
fixed length control field 210310s1974 mx ad fr 001 0 spa d
040 ## - CATALOGING SOURCE
Original cataloging agency CO-JMCR
Transcribing agency CO-JMCR
041 0# - LANGUAGE CODE
Language code of text/sound track or separate title spa
082 0# - DEWEY DECIMAL CLASSIFICATION NUMBER
Classification number 338.98 /
Item number N791d
Edition number 23
100 1# - MAIN ENTRY--PERSONAL NAME
Personal name Nolff, Max,
9 (RLIN) 17962
Relator term compilador
245 13 - TITLE STATEMENT
Title El desarrollo industrial latinoamericano /
Statement of responsibility, etc. selección de Max Nolff
250 ## - EDITION STATEMENT
Edition statement Primera edición
260 ## - PUBLICATION, DISTRIBUTION, ETC.
Place of publication, distribution, etc. México :
Name of publisher, distributor, etc. Fondo de Cultura Económica,
Date of publication, distribution, etc. 1974
300 ## - PHYSICAL DESCRIPTION
Extent 698 páginas :
Other physical details ilustraciones y gráficas a blanco y negro ;
Dimensions 21 cm.
490 0# - SERIES STATEMENT
Series statement El Trimestre Económico. Lecturas ;
Volume/sequential designation 12
500 ## - GENERAL NOTE
General note Incluye notas a pie de página e índice de nombres y analítico.
505 0# - FORMATTED CONTENTS NOTE
Formatted contents note Evolución de la industria latinoamericana y sus principales problemas -- Políticas y estrategias de desarrollo industrial
650 14 - SUBJECT ADDED ENTRY--TOPICAL TERM
Topical term or geographic name entry element Historia económica
9 (RLIN) 17964
Geographic subdivision América Latina
650 24 - SUBJECT ADDED ENTRY--TOPICAL TERM
Topical term or geographic name entry element Industrias
Geographic subdivision América Latina
9 (RLIN) 41336
942 ## - ADDED ENTRY ELEMENTS (KOHA)
Source of classification or shelving scheme Dewey Decimal Classification
Koha item type Books
Existencias
Withdrawn status Lost status Source of classification or shelving scheme Damaged status Not for loan Collection code Home library Current library Date acquired Source of acquisition Full call number Barcode Date last seen Copy number Koha item type
    Dewey Decimal Classification     Non-fiction Biblioteca Pública José María del Castillo y Rada Biblioteca Pública José María del Castillo y Rada 04/15/2018 Donación 338.98 / N791d 430005143 05/16/2024 Ej.1 Books